রবীন্দ্র সঙ্গীত সুষমা / (Record no. 81786)
[ view plain ]
| 000 -LEADER | |
|---|---|
| fixed length control field | 01015nam a2200265 a 4500 |
| 001 - CONTROL NUMBER | |
| control field | 81786 |
| 003 - CONTROL NUMBER IDENTIFIER | |
| rucl marc code | BD-RjUL |
| 005 - DATE AND TIME OF LATEST TRANSACTION | |
| control field | 20230827154814.0 |
| 008 - FIXED-LENGTH DATA ELEMENTS--GENERAL INFORMATION | |
| fixed length control field | 230827s2014 ii ||||| |||| 00| 0 eng d |
| 020 ## - INTERNATIONAL STANDARD BOOK NUMBER | |
| International Standard Book Number | 9788129520586 |
| 035 ## - SYSTEM CONTROL NUMBER | |
| System control number | (BD-RjUL)81786 |
| 040 ## - CATALOGING SOURCE | |
| Original cataloging agency | BD-RjUL |
| Language of cataloging | eng |
| Transcribing agency | BD-RjUL |
| 041 ## - LANGUAGE CODE | |
| Language code of text/sound track or separate title | ben |
| 082 ## - DEWEY DECIMAL CLASSIFICATION NUMBER | |
| Edition number | 23 |
| Classification number | 891.4414 |
| Author mark and year | DER 2014 |
| 100 ## - MAIN ENTRY--PERSONAL NAME | |
| Personal name | দে ,কিরণশশী. |
| 9 (RLIN) | 8622 |
| 245 ## - TITLE STATEMENT | |
| Title | রবীন্দ্র সঙ্গীত সুষমা / |
| Statement of responsibility, etc. | কিরনশশী দে |
| 250 ## - EDITION STATEMENT | |
| Edition statement | দ্বিতীয় দে'জ পরিমার্জিত ও পরিবর্ধিত সং. |
| 260 ## - PUBLICATION, DISTRIBUTION, ETC. (IMPRINT) | |
| Place of publication, distribution, etc. | কলিকাতা : |
| Name of publisher, distributor, etc. | দেজ পাবলিশিং, |
| Date of publication, distribution, etc. | ২০১৪ |
| 300 ## - PHYSICAL DESCRIPTION | |
| Pagination | ২২৪ পৃ.; |
| Size | ২২ সেমি. |
| 600 ## - SUBJECT ADDED ENTRY--PERSONAL NAME | |
| Personal name | ঠাকুর, রবীন্দ্রনাথ, |
| Dates associated with a name | ১৮৬১-১৯৪১ |
| Personal name | Tagore, Rabindranath, |
| Dates associated with a name | 1861-1941 |
| 650 ## - SUBJECT ADDED ENTRY--TOPICAL TERM | |
| Topical term or geographic name as entry element | গান, বাংলা |
| Topical term or geographic name as entry element | Songs, Bengali |
| 942 ## - ADDED ENTRY ELEMENTS (KOHA) | |
| Source of classification or shelving scheme | Dewey Decimal Classification |
| Koha item type | Books |
| Lost status | Source of classification or shelving scheme | Damaged status | Not for loan | Collection code | Permanent Location | Current Location | Shelving location | Date acquired | Source of acquisition | Cost, normal purchase price | Total Checkouts | Full call number | Date last seen | Copy number | Koha item type |
|---|---|---|---|---|---|---|---|---|---|---|---|---|---|---|---|
| Dewey Decimal Classification | Not For Loan | Non-fiction | Central Library, University of Rajshahi | Central Library, University of Rajshahi | Reading Room | 05/06/2023 | Dhaka : Page mark | 300.00 | B 891.4414 DER 2014 | 27/08/2023 | C-1 | Books | |||
| Dewey Decimal Classification | Non-fiction | Central Library, University of Rajshahi | Central Library, University of Rajshahi | General Stacks | 05/06/2023 | Dhaka : Page mark | 300.00 | B 891.4414 DER 2014 | 27/08/2023 | C-2 | Books | ||||
| Dewey Decimal Classification | Non-fiction | Central Library, University of Rajshahi | Central Library, University of Rajshahi | General Stacks | 05/06/2023 | Dhaka : Page mark | 300.00 | B 891.4414 DER 2014 | 27/08/2023 | C-4 | Books | ||||
| Dewey Decimal Classification | Non-fiction | Central Library, University of Rajshahi | Central Library, University of Rajshahi | General Stacks | 05/06/2023 | Dhaka : Page mark | 300.00 | B 891.4414 DER 2014 | 27/08/2023 | C-3 | Books | ||||
| Dewey Decimal Classification | Non-fiction | Central Library, University of Rajshahi | Central Library, University of Rajshahi | General Stacks | 05/06/2023 | Dhaka : Page mark | 300.00 | B 891.4414 DER 2014 | 27/08/2023 | C-5 | Books |